000 00233 a2200085 4500
082 _a297.1226 KAR
245 _aAl Hadis [Book 3]
_cMaulana Fazlul Karim
260 _aPakistan
_bIslamic Education Center
_c1998
300 _a793p .
_c23 cm.
650 _aIslam-Translation
999 _c161
_d161